000 00762nam a2200217Ia 4500
003 IN-BaIIA
008 211028s9999 xx 000 0 eng d
020 _a0-521-40184-4
040 _cIIA Library
080 _a524.74
_bWAR
245 0 _aWarped disks and inclined rings around galaxies
_cedited by Stefano Casertano, Penny D. Sackett and Franklin H. Briggs
260 _aCambridge
_bCambridge University Press
_c1991
300 _axvii, 291p.
650 _aAstronomy and astrophysics thesaurus
650 _aDisk galaxies
_917391
650 _aGalaxies
_91286
700 _aBriggs, Franklin H., ed.
_917392
700 _aCasertano, Stefano., ed.
_917393
700 _aSackett, Penny D., ed.
_917394
942 _cBK
999 _c10237
_d10237